000 00509nam a22002057a 4500
003 OSt
005 20140310183124.0
008 130517t xxu||||| |||| 00| 0 eng d
020 _a9789712346965
050 _aHF 1025
_b.D877 2007
082 _aFIL 910
_bD88 2007
245 _aWorld geography
_cDuka, Cecilio
260 _aManila
_bREX Book Store
_c2007
300 _a163 p.
_c22 cm
521 _acollege students
526 _c1210L-1700L
541 _j1
562 _e1
942 _2lcc
_cBK
_kFIL
999 _c18978
_d18978